Statystyki dla Skład Polski w meczu Polska-Portugalia 1-1 k.3-5) Euro 2016

Kliknij tutaj aby rozwiązać quiz!

Ogólne statystyki

  • Ten quiz został rozwiązany 1 478 razy
  • Średni wynik to 10 z 11

Statystyki odpowiedzi

pozycjapiłkarz% Poprawnych
napastnikRobert Lewandowski
99%
bramkarzŁukasz Fabiański
97%
obrońcaKamil Glik
95%
napastnikArkadiusz Milik
94%
obrońcaMichał Pazdan
90%
pomocnikGrzegorz Krychowiak
88%
pomocnikJakub Błaszczykowski
88%
obrońcaŁukasz Piszczek
88%
pomocnikKamil Grosicki
86%
obrońcaArtur Jędrzejczyk
68%
pomocnikKrzysztof Mączyński
58%

Rozkład punktacji

Percentyl według liczby udzielonych odpowiedzi

Procent ludzi z każdym wynikiem

Twoja historia wyników

Nie rozwiązałeś tego quizu